| 000 | 00822nam a2200253 a 4500 | ||
|---|---|---|---|
| 999 |
_c12402 _d12402 |
||
| 001 | 12402 | ||
| 003 | BD-JhCC | ||
| 005 | 20220803134024.0 | ||
| 008 | 220205b2021 bg a|||| ||a| 000 0 ben d | ||
| 020 | _a9789849571308 | ||
| 035 | _a(BD-JhCC)12402 | ||
| 040 |
_aBD-JhCC _dBD-JhCC |
||
| 041 | _aBengali | ||
| 082 |
_a530 _bCHO 2021 |
||
| 100 | _aচৌধুরী, মাহ্দী রহমান | ||
| 245 |
_aআলো ও তড়িৎ-চুম্বক / _b _cমাহ্দী রহমান চৌধুরী, অনু: রাতুল খান । |
||
| 260 |
_aঢাকা : _bআদর্শ; _c২০২১. |
||
| 300 |
_a242 p. : _bill; _c24 cm. |
||
| 650 | _aLight and electromagnet | ||
| 650 | _aElectricity | ||
| 700 | _aখান, রাতুল | ||
| 942 |
_2ddc _cBK _02 |
||